LEADER 01072nam a2200265 i 4500 001 000000110105 003 CaOOAMICUS 005 20080226120844.0 008 080226s2008 it u100 u ita c 020 $z978-88-311-2673-1* 040 $aPUL$bita$dLDB 245 00$aCelibato e sacerdozio /$cSalvatore Cipressa (ed.) 260 $aRoma :$bCittà Nuova,$c2008. 300 $a196 p. ;$c22 cm. 490 1 $aItinerari etici ;$v06 504 $aBibliografia in nota. 650 14$aCelibato ecclesiastico e religioso.$0(OLS)http://pul/subject/5927 700 1 $aCipressa, Salvatore,$csac.,$d1961-$0(OLS)http://pul/name/48657 830 0$aItinerari etici ;$v06.$0(OLS)http://pul/title/138443 850 $aPUL 852 $aPUL$W1$xSL Religione 3$y85$m253. 2 CIPSA 1$j126096$qDDC 21$B124827$CPULBib$Z2$F124827 $H106458 $82 941 1 $a9 996 $6020$z978-88-311-2673-1*$9(OLS)http://pul/number/137188 996 $6245$aCelibato e sacerdozio$9(OLS)http://pul/title/64555 996 $6260$aRoma :$bCittà Nuova$9(OLS)http://pul/publisher/47927 LEADER 01528nam a2200301 a 4500 001 000000156774 003 CaOOAMICUS 005 20161128115032.0 008 161128s1947 is u000 u lat r 032 $aLibriCat 040 $aPUL$bita 100 1 $aTalatinian, Basil,$cO.F.M.$0(OLS)http://pul/name/99989 245 10$aDe contractu matrimoniali iuxta Armenos : $bdisquisitio historico-iuridica /$cP. Basilius Talatinian, O.F.M. 260 $aHierosolymis :$bPP. Franciscanorum,$c1947. 300 $aXIII, 197 p. ;$c24 cm. 502 $aTesi -- Pontificium Athenaeum Antonianum. Facultas Iuridica. 1947. 504 $aBibliografia in nota. 651 4$aArmenia$xStoria ecclesiastica.$0(OLS)http://pul/subject/9280 710 2 $aPontificio Ateneo Antoniano.$bFacoltà di Diritto Canonico.$kTesi.$0(OLS)http://pul/name/99826 850 $aPUL 852 $aPUL$W1$xDP1 Tesi Pon. At. Antonianum$y30$mTH ANT IUS48bis$j180057$qTesi$B183180$CPULBib$Z2$F183180 $H12156 $82 910 $aPontificia Università Antonianum.$bFacoltà di diritto canonico.$kTesi$999826 910 $aPontificia Università Antonianum.$bFacoltà di diritto canonico.$kTesi$999826 910 $aPontificium Athenaeum Antonianum.$bFacultas Iuris Canonici$kTesi$999826 941 1 $a16 996 $6245$aDe contractu matrimoniali iuxta Armenos : $bdisquisitio historico-iuridica$9(OLS)http://pul/title/196382 996 $6260$aHierosolymis :$bPP. Franciscanorum$9(OLS)http://pul/publisher/85697